000 00490ntaaa2200193 4500
003 01
005 20251027202547.0
008 0714s1973 ag 01
040 _aAR-BaBN
_bspa
_cAR-BaBN
_eaacr
_dRIC
082 _a301.4240 G28
100 _aGenné, Elizabeth
_924667
245 _aChristians and the crisis in sex morality
250 _a1 ed.
260 _aNew York :
_bAssociation Press,
_cc1962
300 _a123 p
650 _asexo
700 _aGenné, William
_924668
942 _cBK
999 _c20656
_d20656